Análisis introductorio de circuitos

Guardat en:
Dades bibliogràfiques
Autor principal: Boylestad, Robert L (Autor)
Format: Llibre
Idioma:espanyol
Publicat: Ciudad de México Prentice Hall 1998
Edició:1a. ed
Matèries:
Etiquetes: Afegir etiqueta
Sense etiquetes, Sigues el primer a etiquetar aquest registre!

MARC

LEADER 00000nam a2200000 a 4500
001 UCP9133
003 CL-VaPUC
008 000317e19980000MX |||||||||||||||||spa|d
020 |a 9701701844 
082 0 4 |a 621.381  |b BOY  |2 21 
100 0 |a Boylestad, Robert L  |e author  |9 439505 
245 1 0 |a Análisis introductorio de circuitos 
250 |a 1a. ed 
300 |a 1152 p 
942 |c BK 
945 |d 20000317 00:00:00  |a vberengu 
260 |a Ciudad de México  |b Prentice Hall  |c 1998 
650 0 |a Circuitos  |9 263339 
650 0 |a Corrientes eléctricas   |9 354960 
650 0 |a Energía   |9 259431 
650 7 |a LEY DE OHM  |2 CL-VaPUC  |9 439506 
650 7 |a POTENCIAL ELECTRICO  |2 CL-VaPUC  |9 439507 
650 7 |a PROPIEDADES ELECTRICAS DE LAS SUSTANCIAS  |2 CL-VaPUC  |9 439508 
650 0 |a Transformadores  |9 345471 
583 |a last modification  |c 20000317 00:00:00  |k Rodrigo Vera 
999 |c 285981  |d 285979 
952 |0 0  |1 0  |4 0  |6 621_381000000000000_BOY_1998  |7 0  |8 A  |9 330887  |a BIBING  |b BIBING  |d 2019-11-20  |i 3598470  |o 621.381 BOY 1998  |p 3598470  |r 2023-03-02  |w 2019-11-20  |y BK  |k EIE 
952 |0 0  |1 0  |4 0  |6 621_381000000000000_BOY_1998  |7 0  |8 A  |9 330890  |a BIBING  |b BIBING  |d 2019-11-20  |i 3599574  |o 621.381 BOY 1998  |p 3599574  |r 2023-03-02  |w 2019-11-20  |y BK  |k EIE 
952 |0 0  |1 0  |4 0  |6 621_381000000000000_BOY_1998  |7 0  |8 A  |9 330893  |a BIBING  |b BIBING  |d 2019-11-20  |i 3599809  |o 621.381 BOY 1998  |p 3599809  |r 2025-01-20  |w 2019-11-20  |y BK  |k EIE 
952 |0 0  |1 0  |4 0  |6 621_381000000000000_BOY_1998  |7 0  |8 A  |9 330895  |a BIBING  |b BIBING  |d 2019-11-20  |i 3599760  |o 621.381 BOY 1998  |p 3599760  |r 2025-01-20  |w 2019-11-20  |y BK  |k EIE 
952 |0 0  |1 0  |4 0  |6 621_381000000000000_BOY_1998  |7 0  |8 A  |9 330899  |a BIBING  |b BIBING  |d 2019-11-20  |i 3599701  |l 1  |o 621.381 BOY 1998  |p 3599701  |r 2025-01-20  |s 2022-05-05  |w 2019-11-20  |y BK  |k EIE 
952 |0 0  |1 0  |4 0  |6 621_381000000000000_BOY_1998  |7 0  |8 A  |9 330903  |a BIBING  |b BIBING  |d 2019-11-20  |i 3599744  |o 621.381 BOY 1998  |p 3599744  |r 2023-03-02  |w 2019-11-20  |y BK  |k EIE 
952 |0 0  |1 0  |4 0  |6 621_381000000000000_BOY_1998  |7 0  |8 A  |9 330905  |a BIBING  |b BIBING  |d 2019-11-20  |i 3599663  |o 621.381 BOY 1998  |p 3599663  |r 2023-03-02  |w 2019-11-20  |y BK  |k EIE 
952 |0 0  |1 0  |4 0  |6 621_381000000000000_BOY_1998  |7 0  |8 A  |9 330915  |a BIBING  |b BIBING  |d 2019-11-20  |i 3605493  |o 621.381 BOY 1998  |p 3605493  |r 2023-03-02  |w 2019-11-20  |y BK  |k CCI 
952 |0 0  |1 0  |4 0  |6 621_381000000000000_BOY_1998  |7 0  |8 A  |9 330929  |a BIBING  |b BIBING  |d 2019-11-20  |i 3720586  |o 621.381 BOY 1998  |p 3720586  |r 2023-03-02  |w 2019-11-20  |y BK  |k EIE 
952 |0 0  |1 0  |4 0  |6 621_381000000000000_BOY_1998  |7 0  |8 A  |9 330933  |a BIBCUR  |b BIBCUR  |d 2019-11-20  |i 4141903  |o 621.381 BOY 1998  |p 4141903  |r 2025-04-22  |w 2019-11-20  |y BK  |k FIS